Javořina 968 m Turistická útulna Holubyho

Zobrazenie: Pohľad spod stromov, z lúky na chatu v pozadí. Pred chatou je kopa dreva a za chatou vľavo sú dve budovy. V hornej a ľavej časti záberu sú konáre s listami

Bibliographic Details
Other Authors: Vladyka, L. (fotograf) (Photographer)
Format: Postcard
Language:Czech
PhysicalDescription:1 pohľadnica čiernobiela 9 x 15 cm
Published: [Uherský Brod?] [L. Vladyka?] [1933?]
Subjects:

MARC

LEADER 00000nkm a2200000 a 4500
001 vtls012017626
003 SK-MaSNL
005 20260512122610.0
007 kp bo
008 231121q1933 xr g kucze
015 |a SNBG1933 
035 |a urn:nbn:sk:snk-km00fapc 
035 |a urn:nbn:sk:snk-km45smj 
035 |a 1BDF25BC-55CC-4530-A876-7BB08CA71BD2 
040 |a SNK  |b slo  |c SNK  |e AACR2 
041 0 |a cze 
043 |a e-xo--- 
044 |a xr  |c CZ 
072 7 |a 913  |x Regionálna geografia  |2 konspekt 
080 |a 913(437.6)  |2 2011 
080 |a 728.5  |2 2011 
080 |a (234.372.3)  |2 2011 
080 |a (084.121)  |2 2011 
080 |a 908(437.6)  |2 2011 
100 1 |a Vladyka, L.  |c (fotograf)  |4 pht  |9 366900 
245 1 0 |a Javořina 968 m  |h grafika  |b Turistická útulna Holubyho  |c foto L. Vladyka, Uh. Brod 
260 |a [Uherský Brod?]  |b [L. Vladyka?]  |c [1933?] 
300 |a 1 pohľadnica  |b čiernobiela  |c 9 x 15 cm 
520 8 |a Zobrazenie: Pohľad spod stromov, z lúky na chatu v pozadí. Pred chatou je kopa dreva a za chatou vľavo sú dve budovy. V hornej a ľavej časti záberu sú konáre s listami 
610 2 7 |a Holubyho chata (Lubina, Slovensko)  |2 SNKKA  |9 366901 
650 0 7 |a horské chaty  |2 SNKPH  |9 98865 
651 7 |a Veľká Javorina (Biele Karpaty, Česko a Slovensko : vrch)  |2 SNKPHgeo  |9 17923 
655 7 |a miestne pohľadnice  |2 SNKPH  |9 70510 
655 7 |a geografické pohľadnice  |2 SNKPH  |9 70522 
852 |a Slovenská národná knižnica 
958 |a GBN 
958 |a GC 
958 |a OND 
958 |a EUIPO 
999 |c 611348  |d 613278 
952 |a SNK  |b SNK  |y PREZ  |7 0  |p 17A1381390  |o snkSP 99347  |z Pohľadnica prešla poštou.  |0 0  |1 0  |4 0  |d 2021-03-11  |f 1  |l 0  |r 2026-02-23 16:23:40  |w 2026-02-23